Defense facts of life : (Record no. 4219)
[ view plain ]
| 000 -LEADER | |
|---|---|
| fixed length control field | 00946nam a2200277 a 4500 |
| 001 - CONTROL NUMBER | |
| JCCL Control Number | 4219 |
| 003 - CONTROL NUMBER IDENTIFIER | |
| JCCL marc code | BD-JhCC |
| 005 - DATE AND TIME OF LATEST TRANSACTION | |
| control field | 20171125110317.0 |
| 008 - FIXED-LENGTH DATA ELEMENTS--GENERAL INFORMATION | |
| fixed length control field | 840628s1985 coua 001 0 eng |
| 020 ## - INTERNATIONAL STANDARD BOOK NUMBER | |
| International Standard Book Number | 0865317194 (pbk.) : |
| Terms of availability | $10.95 (est.) |
| 020 ## - INTERNATIONAL STANDARD BOOK NUMBER | |
| International Standard Book Number | 0865317186 (hard) : |
| Terms of availability | $25.00 (est.) |
| 035 ## - SYSTEM CONTROL NUMBER | |
| system control number | (BD-JhCC)4219 |
| 040 ## - CATALOGING SOURCE | |
| Original cataloging agency | DLC |
| Transcribing agency | DLC |
| Modifying agency | DLC |
| -- | (BD-JhCC) |
| 041 ## - LANGUAGE CODE | |
| Language code of Book | eng |
| 050 00 - LIBRARY OF CONGRESS CALL NUMBER | |
| Classification number | UA23 |
| Item number | .S58 1985 |
| 082 00 - DEWEY DECIMAL CLASSIFICATION NUMBER | |
| Classification number | 355/.0335/73 |
| DDC Edition number | 19 |
| Author mark and Year | SPI 1985 |
| 100 1# - MAIN ENTRY--PERSONAL NAME | |
| Personal name | Spinney, Franklin C. |
| 245 10 - TITLE STATEMENT | |
| Title | Defense facts of life : |
| Remainder of title | the plans/reality mismatch / |
| Statement of responsibility, etc | Franklin C. Spinney ; edited and with commentary by James Clay Thompson. |
| 260 ## - PUBLICATION, DISTRIBUTION, ETC. (IMPRINT) | |
| Place of publication, distribution, etc | Boulder : |
| Name of publisher, distributor, etc | Westview Press, |
| Date of publication, distribution, etc | 1985. |
| 300 ## - PHYSICAL DESCRIPTION | |
| Pagination | xviii, 260 p. : |
| Other physical details | ill. ; |
| Dimensions | 23 cm. |
| 500 ## - GENERAL NOTE | |
| General note | Includes index. |
| 651 #0 - SUBJECT ADDED ENTRY--GEOGRAPHIC NAME | |
| Geographic name | United States |
| General subdivision | Military policy. |
| 651 #0 - SUBJECT ADDED ENTRY--GEOGRAPHIC NAME | |
| Geographic name | United States |
| General subdivision | Armed Forces |
| -- | Appropriations and expenditures. |
| 700 1# - ADDED ENTRY--PERSONAL NAME | |
| Personal name | Thompson, James Clay, |
| Dates associated with a name | 1943- |
| 942 ## - ADDED ENTRY ELEMENTS (KOHA) | |
| Source of classification or shelving scheme | Dewey Decimal Classification |
| Koha item type | Books |
| Source of classification or shelving scheme | Damaged status | Not for loan | Home library | Current library | Shelving location | Date of accession | Source of acquisition | Total Checkouts | Full call number | Barcode | Date last seen | Copy number | Koha item type |
|---|---|---|---|---|---|---|---|---|---|---|---|---|---|
| Dewey Decimal Classification | JCC Rouf Library | JCC Rouf Library | General Stacks | 11/25/2017 | The Asia Foundation | 355/.0335/73 SPI 1985 | 5956 | 11/25/2017 | C-1 | Books |